| 000 | 00967nam1a22002411i 4500 | ||
|---|---|---|---|
| 001 | rc\2330364 | ||
| 005 | 20240723205941.0 | ||
| 035 | _a(NLR Aleph) 006516865 | ||
| 090 |
_a6388209 _c6388209 |
||
| 100 | _a20110829d1977 |||y0rusy50 ca | ||
| 101 | 0 | _arus | |
| 102 | _aRU | ||
| 105 | _ay c ||||| | ||
| 200 | 1 |
_aТеория гироскопа, гироскопических устройств и систем _eАннот. указ. лит. _fЛ.И. Мачабели |
|
| 210 |
_aРига _cГос. б-ка ЛатвССР _d1977 |
||
| 215 | _d22 | ||
| 300 | _aВ надзаг.: Гос. б-ка ЛатвССР им. Вилиса Лациса. Отд. науч.-метод. и библиогр. работы | ||
| 700 | 1 |
_aПлотнева-Мачабели _bЛ.И. _gЛидия Ивановна |
|
| 790 | 1 |
_aМачабели _bЛ.И. _gЛидия Ивановна |
|
| 801 | 0 |
_aRU _bNLR _gpsbo |
|
| 801 | 1 |
_aRU _bELAR _2rusmarc |
|
| 852 |
_aNLR _jс307-420/М37 |
||
| 942 | _cBOOK | ||